000 00546cam a22002051 4500
001 sa 68017120
003 DLC
005 20260227112700.0
008 930224m19659999ce 000 0 sino
010 _asa 68017120
035 _a(OCoLC)28001567
040 _aDLC
_cICU
_dWU
_dDLC
042 _apremarc
050 0 0 _aBJ1289
_b.S27
100 1 _aSaranasekera, R.,
_d1904-
245 1 0 _aDharma cariyāva /
_cĀr. Saraṇasēkara.
260 _a[Koḷamba] :
_bĂm. Ḍī. Gunasēna,
_c1965-
300 _av.
_c19 cm.
650 0 _aBuddhist ethics.
999 _c87524
_d87524